Cirice by Ghost lyrics - Statistics

General Stats
  • This quiz has been taken 78 times
  • The average score is 234 of 253
Answer Stats
Lyrics % Correct
Can
100%
can
100%
feel
100%
I
100%
the
100%
you
100%
You
100%
hear
97%
in
97%
see
97%
that
97%
your
97%
A
94%
a
94%
breaking
94%
rumble
94%
that's
94%
through
94%
thunder
94%
heart
91%
inside
88%
lost
88%
me
88%
scars
88%
calling
85%
eye
85%
is
85%
to
85%
us
85%
without
85%
and
82%
know
82%
not
82%
you're
82%
Can't
79%
darkness
79%
hide
79%
presence
79%
so
79%
amongst
76%
soul
76%
cannot
74%
been
71%
between
71%
Even
71%
tainted
71%
though
71%
told
71%
you've
71%
eternal
65%
nothing
65%
Now
65%
now
65%
there
65%
candle
59%
faint
59%
From
59%
glow
59%
merge
59%
our
59%
casting
56%
How
24%
No matching quizzes found
Score Distribution
Percent of People with Each Score
Percentile by Number Answered
Your Score History
You have not taken this quiz